| 000 | 00486 a2200181 4500 | ||
|---|---|---|---|
| 001 | 066980 | ||
| 003 | OSt | ||
| 005 | 20211025112329.0 | ||
| 008 | |||
| 082 |
_a821.912 _bR54R |
||
| 245 | 1 |
_aBlooms' biocritiques: Robert Frost _cedited by Harold Bloom |
|
| 260 |
_aPhiladelphia _bChelsea House _c2002 |
||
| 300 | _a110p. | ||
| 630 | _aEnglish | ||
| 690 | _aFrost, Robert, 1874-1963; Examinations | ||
| 700 |
_aBloom, Harold _eEditor |
||
| 942 |
_2ddc _cBK |
||
| 999 |
_c970 _d970 |
||